The ICU book

This best-selling resource provides a general overview and basic information for all adult intensive care units. The material is presented in a brief and quick-access format which allows for topic and exam review. It provides enough detailed and specific information to address most all questions and...

Descrición completa

Gardado en:
Detalles Bibliográficos
Autor Principal: Marino, Paul L.
Formato: Libro
Idioma:Undetermined
Publicado: Philadelphia Lippincott Williams & Wilkins 2007
Những chủ đề:
Các nhãn: Engadir etiqueta
Sen Etiquetas, Sexa o primeiro en etiquetar este rexistro!
Thư viện lưu trữ: Trung tâm Học liệu Trường Đại học Cần Thơ
LEADER 00973nam a2200193Ia 4500
001 CTU_187134
008 210402s9999 xx 000 0 und d
082 |a 616.028 
082 |b M337 
100 |a Marino, Paul L. 
245 4 |a The ICU book 
245 0 |c Paul L. Marino 
260 |a Philadelphia 
260 |b Lippincott Williams & Wilkins 
260 |c 2007 
520 |a This best-selling resource provides a general overview and basic information for all adult intensive care units. The material is presented in a brief and quick-access format which allows for topic and exam review. It provides enough detailed and specific information to address most all questions and problems that arise in the ICU. Emphasis on fundamental principles in the text should prove useful for patient care outside the ICU as well. 
650 |a Critical care medicine,Thuốc chăm sóc quan trọng 
910 |a Hải 
980 |a Trung tâm Học liệu Trường Đại học Cần Thơ